Представление документа в формате RUSMARC

ПолеНазваниеЗначение
  Тип записи a
  Библиографический уровень m
001 Контрольный номер bffde260ed4f407c915c568459e9a019
005 Дата корректировки 20141211175111.3
010 Индекс ISBN __
a ISBN 978-5-9916-2779-5
101 Язык документа 0_
a Язык текста rus
102 Страна публикации __
a Страна публикации RU
200 Заглавие и сведения об ответственности 1_
a Заглавие Внешнеэкономическая деятельность
b Общее обозначение материала Текст
e Сведения, относящиеся к заглавию учебник для бакалавров
f Первые сведения об ответственности Е.Ф. Прокушев, А.А. Костин; под ред. Е.Ф. Прокушева
205 Сведения об издании __
a Основные сведения об издании 8-е изд., перераб. и доп.
210 Выходные данные 1_
a Место издания Москва
c Издательство Издательство Юрайт
d Дата издания 2013
215 Физическое описание __
a Объем 527с.
225 Серия 2_
a Серия Серия: Бакалавр. Базовый курс.
610 Ключевые слова 0_
a Ключевые слова анализ структуры и динамики показателей развития ВЭД России
a Ключевые слова регулирование внешнеторговой и таможенной деятельности РФ в соответствии с Таможенным кодексом Таможенного союза
a Ключевые слова организация и технология внешнеторговых операций
a Ключевые слова техника заключения контрактов
a Ключевые слова продвижение товаров на мировом рынке
a Ключевые слова ИНКОТЕРМС - 2010
686 Индексы других классификаций __
a Классификационный индекс 65.298я73
700 Автор _1
a Фамилия Прокушев Е.Ф.
801 Источник записи _0
a Страна RU
b Организация РУК
g Правила каталогизации PSBO
801 Источник записи _1
a Страна RU
b Организация РУК
g Правила каталогизации PSBO
852 Данные о местонахождении __
i Авторский знак П78
j Шифр хранения 65.298
901 Тип документа __
t Тип документа m
937 Технологическая информация __
a Создатель записи (имя) Бегун
938 Служебная информация __
a Название организации Калининградский филиал
952 Тип литературы __
b Гриф литературы для ВШ гриф МО